Missing Word: LOTR Chapters (A-Z) Quiz Stats

 Plays Quiz Updated Feb 26, 2018

Challenge
Share
Tweet
Embed
Score 0/21 Timer 03:00
0 Plays Today
Title Missing Word % Correct
Mount _____Doom
83.1%
Flotsam and _____Jetsam
79.1%
The Black Gate _____Opens
78.8%
_____ the Sign of the Prancing PonyAt
76.5%
In the House of Tom _____Bombadil
74.6%
Shelob's _____Lair
74.5%
The Steward and the _____King
73.8%
The Council of _____Elrond
73.3%
_____ TirithMinas
72.7%
The Riders of _____Rohan
71.5%
The _____ RiderWhite
70.3%
Title Missing Word % Correct
The Road to _____Isengard
51.5%
A Long-expected _____Party
51.5%
The Tower of Cirith _____Ungol
49.9%
The King of the _____ HallGolden
43.8%
The Grey _____Havens
41.4%
The Old _____Forest
39.7%
The _____ of SmeagolTaming
35.9%
The _____ of GondorSiege
35.2%
A _____ UnmaskedConspiracy
28.1%
The _____ of SarumanVoice
26.9%

Today's Daily Dose

Missing Word
Entertainment 'L'

Word Ladder
Fingers

Quick Pick
When in Rome

On This Day
December 15th II

You're not logged in!

Compare scores with friends on all Sporcle quizzes.
OR
Log In

You Might Also Like...

Show Comments

Extras

Top Quizzes Today


Score Distribution

Your Account Isn't Verified!

In order to create a playlist on Sporcle, you need to verify the email address you used during registration. Go to your Sporcle Settings to finish the process.

Report this User

Report this user for behavior that violates our Community Guidelines.

Details: